000 00706nam a2200253Ia 4500
003 OSt
005 20221006144810.0
006 a|||||r|||| 00| 0
007 ta
008 221006b |||||||| |||| 00| 0 kor d
024 _a12,763
037 _bGift, Korea Foundation
_cTextual
040 _aEASL
_cEASL
_bkor
041 _2kor
_akor
082 _aP495, 495N6
100 _aNOH Dae-Kyu Au.
_9652909
245 0 _aHangugeoui Ipmalgoa Geulmal
260 _aSeoul
_bKughakjaryowon Korea
_c1996
300 _a361p.
_ccm.
490 _v KL
650 _aLinguistic
_9558313
942 _hP495, 495N6
_cTEXL
_2CC
999 _c1080849
_d1080849